000 00999cam a2200265 i 4500
999 _c7724
_d7724
001 vtls000712279
003 NUKAT
005 20190416091804.0
008 060609s1971 gw a f |001 0 ger c
035 _azz2006888065
039 9 _a200707270124
_bVLOAD
_c200606130113
_dVLOAD
_c200606121321
_dqam
040 _aTOR U/MIRLa
_cTOR U/MIRLa
_dTOR U/LF
041 1 _ager
_heng
099 _ahh_494659
100 1 _aKhambata, Adi Jehangir.
245 1 0 _aEinührung in die Gruppenintegration /
_cAdi J. Khabata ; [Übers. und Bearb.: Klaus Schade ; Lektor: Monika Rumpf].
246 1 _iTyt. oryg.:
_aIntroduction to large-scale integration
260 _aBerlin :
_bVEB Verlag Technik,
_ccop. 1971.
300 _a207 s. :
_bil. ;
_c22 cm.
504 _aBibliogr. s. 195-203 i przy rozdz. Indeks.
700 1 _aSchade, Klaus.
_eOprac.
700 1 _aRumpf, Monika.
_eTł.
942 _2ddc
_cBK